Obálka Náhled e-knihy:
PDF Epub
Pro půjčování e-knih musíte být přihlášeni.
Jak si půjčit online?

Přesýpací hodiny /

Život máme jen jeden. Každý jej prožívá jinak, každý je svým způsobem originál. Někdo má veselou povahu, jiný je škarohlíd, a mezi tím jsou různé odstíny, díky kterým jsou lidé odlišní. V životě je jen jedna věc spravedlivá. A to je smrt. Je to ten nejposlednější okamžik, který se na konci ke každém...

Celý popis

Uloženo v:
Hlavní autor: Muchová-Daxnerová, Zuzana (Autor)
Médium: E-kniha
Jazyk:Czech
Vydáno: Praha : E-knihy jedou, 2020
Tagy:
Žádné tagy
LEADER 01669nam a22002297i 4500
001 311190
007 ta
008 260601s2020 xr ||||| |||| 00| 0 cze d
020 |a 9990002064715 
044 |a xr 
100 1 |a  Muchová-Daxnerová, Zuzana  |4 aut 
245 1 0 |a Přesýpací hodiny /  |c  Muchová-Daxnerová, Zuzana 
264 1 |a Praha :  |b E-knihy jedou,  |c 2020 
300 |a 1 online zdroj (189 stran) 
336 |a text  |b txt  |2 rdacontent 
337 |a bez média  |b n  |2 rdamedia 
338 |a online zdroj  |b cr  |2 rdacarrier 
520 2 |a Život máme jen jeden. Každý jej prožívá jinak, každý je svým způsobem originál. Někdo má veselou povahu, jiný je škarohlíd, a mezi tím jsou různé odstíny, díky kterým jsou lidé odlišní. V životě je jen jedna věc spravedlivá. A to je smrt. Je to ten nejposlednější okamžik, který se na konci ke každému zachová stejně. Když někoho k tomuto okamžiku doprovázíme, je to velmi bolestné. V této knize autorka popisuje, jak je těžké se starat o své blízké v těchto chvílích. Ale také, jak i ty nejtěžší okamžiky dokážou člověka přivést na odlišnou cestu, po které kráčel doposud. A je jenom na něm, jakým způsobem po ní půjde. 
910 |a RBIT002 
998 |d 206471  |a https://core.palmknihy.cz/api/books/206471/cover?qa9uif  |b https://core.palmknihy.cz/api/books/206471/cover/400?qa9uif  |c https://core.palmknihy.cz/api/books/206471/cover/50?qa9uif  |e   |g 189  |i 9990002064715  |j https://core.palmknihy.cz/api/books/206471/preview.epub  |k https://core.palmknihy.cz/api/books/206471/preview.pdf  |l   |q 49  |r 1  |s https://www.palmknihy.cz/kniha/206471  |t ebook  |y 2020  |z 1 
999 |d 311188